[Event "Central Asia Cup 3rd"]
[Site "Dushanbe"]
[Date "2013.10.12"]
[Round "1"]
[White "Gevorgyan, Irina"]
[Black "Nuraliev, Faizali"]
[Result "1/2-1/2"]
[WhiteElo "2168"]
[BlackElo "2145"]
[PlyCount "124"]
[EventDate "2013.10.12"]
[EventType "swiss"]
[EventRounds "9"]
[EventCountry "TJK"]
[SourceTitle "EXT 2014"]
[Source "ChessBase"]
[SourceDate "2013.11.20"]
[SourceVersion "1"]
[SourceVersionDate "2013.11.20"]
[SourceQuality "1"]

1. Nf3 d5 2. d4 Nf6 3. c4 c6 4. e3 e6 5. Nc3 Bb4 6. Qb3 Ba5 7. Bd2 0-0 8. Bd3 Nbd7 9. 0-0 Re8 10. Rad1 Bc7 11. e4 dxe4 12. Nxe4 h6 13. Bc3 Nxe4 14. Bxe4 Nf6 15. Bb1 Ba5 16. Rfe1 Bxc3 17. Qxc3 Qc7 18. Qc2 Rd8 19. Ne5 Bd7 20. Re3 Be8 21. Rf3 Kf8 22. Qc1 Qe7 23. c5 b6 24. b4 bxc5 25. bxc5 Rab8 26. Be4 Rdc8 27. Bc2 Rb4 28. Bb3 Rd8 29. Nc4 Nd5 30. Nd6 a5 31. Bxd5 cxd5 32. a3 Rbb8 33. Re1 a4 34. Qc2 Kg8 35. h3 Qc7 36. Nxe8 Rxe8 37. Qxa4 e5 38. Rc1 Re6 39. dxe5 Rxe5 40. Qd4 Rbe8 41. Rg3 g6 42. Re3 Rxe3 43. fxe3 Qc6 44. Qf4 Qa6 45. Rf1 Re7 46. a4 Qc6 47. Rc1 Re6 48. a5 Qb5 49. Rf1 Qb7 50. Qxh6 Rc6 51. Qg5 Rxc5 52. Qd8+ Kg7 53. Qf6+ Kg8 54. a6 Qa7 55. Rf4 Rc4 56. Rd4 Rc1+ 57. Kh2 Qc7+ 58. Rf4 Rc6 59. Qg5 Rxa6 60. h4 Ra4 61. Kg3 Rxf4 62. Qxf4 Qe7 1/2-1/2